Divisions par 7 - Statistiques

Statistiques générales
  • Ce quiz a été pris 35 fois
    31 depuis la dernière actualisation
  • Le résultat moyen est 22 sur 40
Statistiques - réponses
... / 7 = % Correct
875 125
86%
812 116
79%
378 54
79%
476 68
79%
595 85
79%
805 115
71%
833 119
71%
896 128
71%
924 132
71%
931 133
71%
952 136
71%
1008 144
71%
588 84
71%
665 95
71%
672 96
71%
826 118
64%
868 124
64%
938 134
64%
966 138
64%
1078 154
64%
861 123
57%
1099 157
57%
819 117
50%
462 66
50%
854 122
43%
882 126
43%
903 129
43%
994 142
43%
945 135
36%
959 137
36%
973 139
36%
1015 145
36%
1029 147
36%
1043 149
36%
1064 152
36%
1071 153
36%
1085 155
36%
1092 156
36%
455 65
36%
1036 148
29%
Aucun quiz correspondant
Distribution des résultats
% des personnes avec chaque résultat
Percentile par nombre de réponses
Votre historique - résultats
Vous n’avez pas pris ce quiz depuis la dernière actualisation